000 00388nam a2200169Ia 4500
003 GCL
008 140319s9999 xx 000 0 eng d
040 _aGCL /
_cGCL
082 0 4 _a912.64
_bG M
100 1 _aGEO PROJECTS
245 1 0 _aMOROCCO /
_cGEO PROJECTS
260 _a[S.N] :
_bGEO PROJECTS
650 0 4 _aMAPS
650 0 4 _aMOROCCO
650 0 4 _aMOROCO - MAPS
942 _2ddc
_cBK
999 _c14951
_d14951